| 000 | 00642nam a2200265Ia 4500 | ||
|---|---|---|---|
| 005 | 20260306163939.0 | ||
| 008 | 008 260114s9999 xx 000 0 eng d | ||
| 020 | _a9781529220674 | ||
| 037 | _aEBOOK | ||
| 040 | _aCRL | ||
| 040 | _beng | ||
| 040 | _cCRL | ||
| 041 | _2eng | ||
| 041 | _aeng | ||
| 084 | _qCRL | ||
| 100 |
_aQi _9912510 |
||
| 245 | 0 | _aGender-based Violence And Rurality In The 21st Century: Interdisciplinary Approaches | |
| 260 | _bThe Policy Press | ||
| 260 | _c2024 | ||
| 650 | _aLaw | ||
| 856 | _uhttps://academic.oup.com/book/55456 | ||
| 942 | _cEBOOK | ||
| 999 |
_c1712134 _d1712134 |
||